Wine Regions of Central Italy (typing) - Statistics

General Stats
  • This quiz has been taken 158 times
  • The average score is 7 of 9
Answers on the Map
Answers color-coded by a green-red scale on the quiz's map according to % correct below.
 
Answer Stats
Region % Correct
Chianti
100%
Chianti Classico
97%
Bolgheri
89%
Brunello di Montalcino
89%
Montepulciano d'Abruzzo
83%
Vino Nobile di Montepulciano
74%
Orvieto
63%
Frascati
60%
Verdicchio dei Castelli di Jesi
49%
No matching quizzes found
Score Distribution
Percent of People with Each Score
Percentile by Number Answered
Your Score History
You have not taken this quiz